| 000 | 01069nam a2200301 n 4500 | ||
|---|---|---|---|
| 001 | 000048362 | ||
| 003 | DO-SdBNP | ||
| 005 | 20250307073711.0 | ||
| 007 | ta | ||
| 008 | 190212s2016 dr ao r 000 0 spa d | ||
| 020 | _a9789945897814 | ||
| 040 |
_aDO-SdBNP _bspa _cBNPHU _erda |
||
| 041 | _hspa | ||
| 082 | 4 |
_a928.61 _bH519P _222 |
|
| 100 | 1 |
_aTena Reyes, Jorge _98252 |
|
| 245 | 1 | 0 |
_aPedro Henríquez Ureña : _besbozo de su vida y de su obra / _cJorge Tena Reyes. |
| 264 | 1 |
_aSanto Domingo : _bUniversidad Nacional Pedro Henríquez Ureña (UNPHU), _c2016. |
|
| 300 |
_a575 páginas : _bilustraciones, fotográfias ; _c27 cm. |
||
| 336 |
_atexto _btxt _2rdacontent |
||
| 337 |
_asin mediación _bnc _2rdamedia |
||
| 338 |
_avolumen _bn _2rdacarier |
||
| 504 | _aIncluye referencias bibliográficas páginas, 491-560. | ||
| 590 | _aInventariado, 2019 / DG | ||
| 600 | 1 | 0 |
_aHenríquez Ureña, Pedro, _d1884-1946 _xCrítica e interpretación _91718 |
| 650 | 4 |
_aIntelectuales dominicanos _986737 |
|
| 910 | _aValidado. Control de Calidad/MAA | ||
| 942 |
_2ddc _cLBS1 |
||
| 999 |
_c47850 _d47850 |
||